000 00590nam a2200241 a 4500
001 nice12345678
003 IN_TiNIC
005 20260116012921.0
008 050524s1988 dela grp 000 0 eng
020 _a8171001
_c125
082 0 0 _a340.59
_bGAN1
100 _aGani, H A
245 _aReform of Muslim Personal Law
260 _aDelhi
_bDeep and Deep Publications
_c1988
300 _a176p
500 _aincludes index and biblioraphy
505 2 _aAknowledgement
650 _aIslamic-Law
700 1 _aGani, H A
902 _bSRS
942 _cBK
999 _c8885
_d8885